All in the day's work (Record no. 72746)
[ view plain ]
| 000 -LEADER | |
|---|---|
| fixed length control field | 01299cam a2200265 4500 |
| 001 - CONTROL NUMBER | |
| control field | ABS66705 |
| 008 - FIXED-LENGTH DATA ELEMENTS--GENERAL INFORMATION | |
| fixed length control field | 030523n2003 000 0 eng u |
| 035 ## - SYSTEM CONTROL NUMBER | |
| System control number | (Sirsi) u122389 |
| 100 ## - MAIN ENTRY--PERSONAL NAME | |
| Personal name | Shepherd, E. |
| 245 ## - TITLE STATEMENT | |
| Title | All in the day's work |
| 260 ## - PUBLICATION, DISTRIBUTION, ETC. | |
| Date of publication, distribution, etc. | 2003 |
| 490 ## - SERIES STATEMENT | |
| Series statement | Estates Gazette |
| Volume/sequential designation | (0319) 10 May 2003, 116(1) |
| 520 ## - SUMMARY, ETC. | |
| Summary, etc. | Discusses how owners and occupiers can comply with the Control of Asbestos at Work Regulations 2002 which came into force 21 November 2002. Regs 4 and 20 do not come into force until 21 May 2004 and 21 November 2004 respectively, allowing organisations time to prepare for compliance. Outlines the new roles of duty holders to maintain and repair non-domestic properties, or control access to those properties and to manage the risk from asbestos. Reviews the practical implications of the problems which may be encountered. |
| 590 ## - LOCAL NOTE (RLIN) | |
| Local note | ABS |
| 650 ## - SUBJECT ADDED ENTRY--TOPICAL TERM | |
| Topical term or geographic name entry element | CONTROL OF ASBESTOS AT WORK REGULATIONS 2002 |
| 650 ## - SUBJECT ADDED ENTRY--TOPICAL TERM | |
| Topical term or geographic name entry element | MANAGEMENT-HEALTH AND SAFETY-HAZARDOUS SUBSTANCES-ASBESTOS |
| 650 ## - SUBJECT ADDED ENTRY--TOPICAL TERM | |
| Topical term or geographic name entry element | REGULATIONS |
| 650 ## - SUBJECT ADDED ENTRY--TOPICAL TERM | |
| Topical term or geographic name entry element | BUILDING CONTROL |
| 9 (RLIN) | 6222 |
| 650 ## - SUBJECT ADDED ENTRY--TOPICAL TERM | |
| Topical term or geographic name entry element | ASBESTOS-CONTAINING MATERIALS |
| 650 ## - SUBJECT ADDED ENTRY--TOPICAL TERM | |
| Topical term or geographic name entry element | HEALTH AND SAFETY EXECUTIVE |
| 650 ## - SUBJECT ADDED ENTRY--TOPICAL TERM | |
| Topical term or geographic name entry element | ENVIRONMENTAL PROTECTION ACT 1990 |
| 690 ## - LOCAL SUBJECT ADDED ENTRY--TOPICAL TERM (OCLC, RLIN) | |
| Topical term or geographic name as entry element | HEALTH AND SAFETY |
| 9 (RLIN) | 6244 |
| 700 ## - ADDED ENTRY--PERSONAL NAME | |
| Personal name | Thomson, C. |
| 942 ## - ADDED ENTRY ELEMENTS (KOHA) | |
| Suppress in OPAC | 0 |
| Withdrawn status | Lost status | Source of classification or shelving scheme | Damaged status | Not for loan | Home library | Current library | Shelving location | Date acquired | Total Checkouts | Full call number | Barcode | Date last seen | Copy number | Price effective from | Koha item type |
|---|---|---|---|---|---|---|---|---|---|---|---|---|---|---|---|
| Dewey Decimal Classification | London | London | Journal article | 23/05/2003 | ABS66705 | 122389-1001 | 06/08/2019 | 1 | 06/08/2019 | Journal article |